000 00293nam a2200085Ia 4500
008 160715s9999 xx 000 0 und d
245 _aInter-school nat’l finals start today
260 _bManila Bulletin
_cJanuary 17, 2016
856 _uhttp://www.mb.com.ph/inter-school-natl-finals-start-today-2/
999 _c297731
_d297731